logo

Bir Sreshtho Munshi Abdur Rouf Library
Jhenaidah Cadet College

শিক্ষা পরিকল্পনা : (Record no. 572)

MARC details
000 -LEADER
fixed length control field 00815nam a2200229 a 4500
001 - CONTROL NUMBER
JCCL Control Number 572
003 - CONTROL NUMBER IDENTIFIER
JCCL marc code BD-JhCC
005 - DATE AND TIME OF LATEST TRANSACTION
control field 20171007172455.0
008 - FIXED-LENGTH DATA ELEMENTS--GENERAL INFORMATION
fixed length control field 171007s2005 bg a|||| |||| 000 0 mul d
035 ## - SYSTEM CONTROL NUMBER
system control number (BD-JhCC) 572
040 ## - CATALOGING SOURCE
Original cataloging agency BD-JhCC
Modifying agency BD-JhCC
041 ## - LANGUAGE CODE
Language code of Book Bengali and English
082 ## - DEWEY DECIMAL CLASSIFICATION NUMBER
DDC Edition number 22
Classification number 371.102
Author mark and Year EDU 2005
245 ## - TITLE STATEMENT
Title শিক্ষা পরিকল্পনা :
Remainder of title ইউনেস্কো-আইয়াইইপি মডেল /
Statement of responsibility, etc নজরুল ইসলাম মজুমদার.
260 ## - PUBLICATION, DISTRIBUTION, ETC. (IMPRINT)
Place of publication, distribution, etc ঢাকা :
Name of publisher, distributor, etc প্যাপিরাস,
Date of publication, distribution, etc ২০০৫.
300 ## - PHYSICAL DESCRIPTION
Pagination ১৭৬ পৃ. :
Other physical details ill
Dimensions ২২ সেমি.
650 ## - SUBJECT ADDED ENTRY--TOPICAL TERM
Topical term or geographic name as entry element Educational planning
650 ## - SUBJECT ADDED ENTRY--TOPICAL TERM
Topical term or geographic name as entry element Teaching
700 ## - ADDED ENTRY--PERSONAL NAME
Personal name মজুমদার, নজরুল ইসলাম.
942 ## - ADDED ENTRY ELEMENTS (KOHA)
Source of classification or shelving scheme Dewey Decimal Classification
Koha item type Books
Holdings
Source of classification or shelving scheme Damaged status Not for loan Home library Current library Shelving location Date of accession Cost, normal purchase price Total Checkouts Full call number Barcode Date last seen Copy number Koha item type
Dewey Decimal Classification     JCC Rouf Library JCC Rouf Library General Stacks 10/07/2017 150.00   371.102 EDU 2005 1160 10/07/2017 C-1 Books

JCC Library | Contacts | JCC Home

Last Update on 23 September 2017
Copyright @ 2017-2020 JCC Rouf Library
Rouf Library, Jhenidah Cadet College (JCC), Bangladesh